Online
Catalog

Castaneda para principiantes / (Record no. 24201)

MARC details
000 -CABECERA
campo de control de longitud fija 00838nam a2200229 a 4500
001 - NÚMERO DE CONTROL
campo de control 000024708
005 - FECHA Y HORA DE LA ÚLTIMA TRANSACCIÓN
campo de control 20260202095302.0
008 - DATOS DE LONGITUD FIJA--INFORMACIÓN GENERAL
campo de control de longitud fija 110131s1998 ag a 000 0 spa d
020 ## - NÚMERO INTERNACIONAL ESTÁNDAR DEL LIBRO
Número Internacional Estándar del Libro 9879065514
040 ## - FUENTE DE LA CATALOGACIÓN
Centro catalogador/agencia de origen DO-SdBNP
Lengua de catalogación spa
Centro/agencia transcriptor BNPHU
082 ## - NÚMERO DE LA CLASIFICACIÓN DECIMAL DEWEY
Número de clasificación 921
Número de documento/Ítem B876c
100 1# - ENTRADA PRINCIPAL--NOMBRE DE PERSONA
Nombre de persona Broussalis, Martín
9 (RLIN) 50683
245 10 - MENCIÓN DE TÍTULO
Título Castaneda para principiantes /
Mención de responsabilidad, etc. Martín Broussalis ; ilustracción Martín Arvallo; edición Juan Carlos Kreimer.
260 ## - PUBLICACIÓN, DISTRIBUCIÓN, ETC.
Lugar de publicación, distribución, etc. Buenos Aires, (Argentina) :
Nombre del editor, distribuidor, etc. Era Naciente,
Fecha de publicación, distribución, etc. 1998.
300 ## - DESCRIPCIÓN FÍSICA
Extensión 176 p. :
Otras características físicas il. ;
Dimensiones 20 cm.
490 1# - MENCIÓN DE SERIE
Mención de serie Era naciente.
-- Documentales ilustrados
Designación de volumen o secuencia 40.
600 14 - PUNTO DE ACCESO ADICIONAL DE MATERIA--NOMBRE DE PERSONA
Nombre de persona CASTANEDA, CARLOS, 1925-1998
9 (RLIN) 50684
650 #0 - PUNTO DE ACCESO ADICIONAL DE MATERIA--TÉRMINO DE MATERIA
Término de materia o nombre geográfico como elemento de entrada Espiritualidad
9 (RLIN) 613
700 1# - PUNTO DE ACCESO ADICIONAL--NOMBRE DE PERSONA
Nombre de persona Kreimer, Juan Carlos,
Término indicativo de función/relación ed.
9 (RLIN) 50685
700 1# - PUNTO DE ACCESO ADICIONAL--NOMBRE DE PERSONA
Nombre de persona Arvallo, Martín,
Término indicativo de función/relación il.
9 (RLIN) 50686
830 #3 - PUNTO DE ACCESO ADICIONAL DE SERIE-TÍTULO UNIFORME
Título uniforme Era naciente
Nombre de parte o sección de la obra Documentales Ilustrados
Designación de volumen o secuencia 40
9 (RLIN) 50687
Holdings
Estado de retiro Estado de pérdida Restricciones de uso No para préstamo Código de colección Localización permanente Ubicación/localización actual Ubicación en estantería Fecha de adquisición Número de inventario Total de préstamos Signatura topográfica completa Código de barras Fecha visto por última vez Precio válido a partir de Tipo de ítem Koha
        Monografías: Libros y Folletos General General En catalogación 02.02.2011 LF1   921 B876c 24708-10 25.06.2020 25.06.2020 Préstamo en sala
        Monografías: Libros y Folletos Patrimonio Dominicano Patrimonio Dominicano Orden iniciada 26.05.2017 LF1   921 B876c 24708-20 25.06.2020 25.06.2020 No se presta

Powered by Koha